000 00430nam a2200181Ia 4500
001 21200
005 20260306172902.0
008 260306t2013||||xx |||||||||||||| ||spa||
041 _aESP
082 _a344.2
_bK92
100 _aKuhlen, Lothar
_eAUT
245 0 _aCompliance y teoría del derecho penal
260 _c2013
300 _a300 páginas :
_c23 cm.
650 _aGEN
654 _aCDE
942 _cLIB
_dJUS
_fJUS
_2ddc
_n
999 _c21200
_d21200